000 00879nam a2200229 a 4500
001 000035148
005 20200930074133.0
008 111025s1950 fr a 000 0 fre d
040 _aDO-SdBNP
_bspa
_cBNPHU
041 1 7 _afre
100 1 _aMumford, Lewis,
_d1895-1990
_960856
245 1 0 _aTechnique et civilisation /
_cLewis Momford ; traduit de l´américain par Denise Moutonnier.
260 _aParis :
_bÉditions du Seuil,
_c1950.
300 _a414, [15] p. :
_bil., bl. y n. ;
_c21 cm.
490 0 _aColections esprit "La cité prochaine"
504 _aBibliografía: p. 388-415
590 _aPerteneció a la biblioteca personal de Juan Isidro Jimenes Grullón
650 2 4 _aTecnología y civilización
_94626
650 2 4 _aArtes industriales
_xHistoria
_960857
700 1 _aMoutonnier, Denise,
_etrad.
_960858
830 0 _aColections esprit "La cité prochaine"
_960859
999 _c34639
_d34639